[Event "Club Championships, A Grade"]
[Site "Wellington Chess Club"]
[Date "2018.11.01"]
[Round "7.1"]
[White "Forster, Bill"]
[Black "Nyberg, Michael"]
[Result "0-1"]
[WhiteElo "2011"]
[BlackElo "2114"]

1. d4 Nf6 2. c4 e6 3. Nc3 d5 4. cxd5 exd5 5. Bg5 c6 6. e3 Bd6 7. Qc2 Nbd7 8.
Bd3 h6 9. Bh4 Qb6 10. Nge2 a6 11. O-O O-O 12. Bg3 Qc7 13. Rac1 Re8 14. b4 Qb8
15. Na4 Ne4 16. Bxd6 Qxd6 17. Nc5 Ndf6 18. Ng3 Qe7 19. a3 h5 20. Rfe1 h4 21.
Nf1 h3 22. f3 Ng5 23. Bf5 hxg2 24. Kxg2 Ne6 25. Ng3 g6 26. Nxe6 Bxe6 27. Bxe6
Qxe6 28. Kh1 Kg7 29. Rg1 Rh8 30. Rce1 Qd7 31. Re2 a5 32. Reg2 Kf8 33. Qc5+ Qe7
34. Qxe7+ Kxe7 35. bxa5 Rxa5 36. Rb2 b5 37. Rb3 Rha8 38. Ra1 Nd7 39. e4 Nb6 40.
exd5 Nxd5 41. Ne4 b4 42. Re1 bxa3 43. Rb7+ Kf8 44. Ng5 R5a7 45. Rbb1 a2 46. Ra1
Nb4 47. Re2 Ra5 48. Ne4 Ra3 49. Rb2 Nd5 50. Nd2 R8a4 51. Rb3 Rxb3 52. Nxb3 Rb4
53. Nd2 Rb2 0-1

[Event "Club Championships, A Grade"]
[Site "Wellington Chess Club"]
[Date "2018.11.01"]
[Round "7.1"]
[White "Laking, Robert"]
[Black "Dive, Russell"]
[Result "0-1"]
[WhiteElo "2014"]
[BlackElo "2424"]

1. d4 Nf6 2. Nf3 c5 3. d5 g6 4. c4 b5 5. e3 Bg7 6. cxb5 O-O 7. Nc3 d6 8. h3 a6
9. bxa6 Qa5 10. Bd2 Nbd7 11. Bd3 Bxa6 12. Ne4 Qb6 13. Nxf6+ Nxf6 14. Bc3 Nxd5
15. Bxg7 Kxg7 16. Bxa6 Qa5+ 17. Qd2 Rxa6 18. O-O Qxd2 19. Nxd2 Nb4 20. a3 Nd3
21. b3 Rfa8 22. a4 f5 23. Nc4 Rb8 24. Rfb1 d5 25. Na3 e5 26. Nb5 Kf6 27. Kf1 g5
28. Nc7 Rd6 29. a5 Rd7 30. Na6 Ra8 31. Nxc5 Nxc5 32. b4 Ne4 33. Ke1 Nc3 34. Rb2
Rb7 35. Rb3 d4 36. f3 Ke6 37. exd4 exd4 38. Kd2 Kd5 39. Kd3 Re7 40. Rb2 Re3+
41. Kc2 Kc4 42. Rg1 0-1

[Event "Club Championships, A Grade"]
[Site "Wellington Chess Club"]
[Date "2018.11.01"]
[Round "7.1"]
[White "Timergazi, Layla"]
[Black "Croad, Nicolas"]
[Result "0-1"]
[WhiteElo "2157"]
[BlackElo "2431"]

1. d4 Nf6 2. c4 e6 3. Nc3 Bb4 4. g3 c5 5. Nf3 cxd4 6. Nxd4 Ne4 7. Qd3 Qa5 8.
Nb5 a6 9. Nc7+ Qxc7 10. Qxe4 d5 11. Qd4 e5 12. Qxd5 O-O 13. Bg2 Rd8 14. Qe4 Rd4
15. Qc2 Bxc3+ 16. bxc3 Rxc4 17. Bd2 Nc6 18. O-O Bg4 19. e3 Rd8 20. Bc1 Nb4 21.
Qb3 Nd5 22. Bb2 e4 23. Rfc1 Be2 24. Bf1 Bxf1 25. Kxf1 Rc8 26. Rc2 h5 27. Rd1
Nb4 28. Rcd2 Nd3 29. Rxd3 exd3 30. Rxd3 Qc6 31. Kg1 Qf3 32. Rd7 b5 33. Qd1
Qxd1+ 34. Rxd1 b4 35. cxb4 Rc2 36. Be5 Rxa2 37. h4 f6 38. Bf4 Rcc2 39. Rf1 Rc4
40. Rb1 Rc6 41. Kg2 Rb6 42. Kf3 Rb5 43. Rc1 Rxb4 44. Rc5 Rb5 45. Rc8+ Kh7 46.
e4 a5 47. Be3 a4 48. g4 hxg4+ 49. Kxg4 a3 50. Rc7 Ra1 51. Ra7 Rb4 52. f3 Rc4
53. h5 a2 54. h6 Re1 0-1

[Event "Club Championships, A Grade"]
[Site "Wellington Chess Club"]
[Date "2018.11.01"]
[Round "7.1"]
[White "Winter, Ryan"]
[Black "Ker, Anthony"]
[Result "0-1"]
[WhiteElo "2129"]
[BlackElo "2485"]

1. e4 c5 2. Nc3 g6 3. Nge2 Bg7 4. d4 cxd4 5. Nxd4 Nc6 6. Nb3 Nf6 7. Be2 O-O 8.
O-O a6 9. a4 b6 10. Be3 d6 11. Nd5 Rb8 12. f3 Ne5 13. c3 Nxd5 14. exd5 Bb7 15.
f4 Nd7 16. Qd2 Nc5 17. Ra3 Qd7 18. a5 Nxb3 19. Rxb3 bxa5 20. Ra3 a4 21. Rfa1 e6
22. dxe6 Qxe6 23. Bf1 Bc6 24. Bxa6 Rfe8 25. Re1 Qd5 26. Qf2 Re4 27. Bf1 Rbe8
28. Raa1 a3 29. Rxa3 Qe6 30. Ra6 Bb7 31. Ra7 Bd5 32. Bb5 Rxe3 33. Rxe3 Qxe3 34.
Bxe8 Qxe8 35. Ra1 Bb7 36. h3 Bf6 37. Rd1 Qc6 38. Qf3 Qxf3 39. gxf3 Be7 40. Kf2
f5 41. Ra1 d5 42. Ke2 Kf7 43. Ra7 Bc6 44. Kd3 Ke6 45. Ra6 Kd7 46. Kd4 Bb7 47.
Rb6 Kc7 48. Re6 Kd7 49. Rb6 Bc6 50. Ke5 Bd6+ 51. Kf6 Bxf4 52. Kg7 Be3 53. Ra6
d4 54. cxd4 Bxf3 55. Kxh7 f4 56. Kxg6 Be4+ 57. Kh5 f3 58. Kg4 f2 59. Rf6 Ke7
60. Rxf2 Bxf2 61. Kf4 Bg2 0-1

[Event "Club Championships, A Grade"]
[Site "Wellington Chess Club"]
[Date "2018.11.08"]
[Round "8.1"]
[White "Croad, Nicolas"]
[Black "Forster, Bill"]
[Result "1-0"]
[WhiteElo "2431"]
[BlackElo "2011"]

1. d4 d5 2. c4 c6 3. Nf3 Nf6 4. e3 e6 5. b3 Bd6 6. Bd3 O-O 7. O-O Nbd7 8. Bb2
b6 9. Nbd2 Bb7 10. Ne5 c5 11. cxd5 exd5 12. f4 Ne4 13. Nxe4 dxe4 14. Bc4 Nf6
15. Ng4 Be7 16. Qe2 Nxg4 17. Qxg4 Bf6 18. Rfd1 cxd4 19. Bxd4 Bxd4 20. Rxd4 Qf6
21. Rad1 Rad8 22. Qg5 Rxd4 23. Rxd4 Qxg5 24. fxg5 a6 25. a4 Bc6 26. Bxa6 Re8
27. Rd6 Re6 28. Rd8+ Re8 29. Rxe8+ Bxe8 30. Bb7 1-0

[Event "Club Championships, A Grade"]
[Site "Wellington Chess Club"]
[Date "2018.11.08"]
[Round "8.1"]
[White "Dive, Russell"]
[Black "Nijman, Brian"]
[Result "1-0"]
[WhiteElo "2424"]
[BlackElo "2162"]

1. Nf3 d5 2. c4 Nc6 3. cxd5 Qxd5 4. Nc3 Qh5 5. d4 Bg4 6. d5 O-O-O 7. Qa4 Bxf3
8. exf3 Rxd5 9. Nxd5 Qxd5 10. Bc4 Qe5+ 11. Be3 e6 12. O-O Bd6 13. f4 Qf5 14. b4
Nf6 15. b5 Nb8 16. Rfd1 Nfd7 17. Rac1 Kd8 18. Qxa7 g5 19. fxg5 h6 20. gxh6 Qh5
21. Rxd6 cxd6 22. Qxb7 d5 23. Bf1 Ke7 24. a4 Kf6 25. Qc7 e5 26. Qd6+ 1-0

[Event "Club Championships, A Grade"]
[Site "Wellington Chess Club"]
[Date "2018.11.08"]
[Round "8.1"]
[White "Ker, Anthony"]
[Black "Laking, Robert"]
[Result "1-0"]
[WhiteElo "2485"]
[BlackElo "2014"]

1. e4 c5 2. c3 d5 3. exd5 Qxd5 4. d4 cxd4 5. cxd4 Nc6 6. Nf3 Bg4 7. Be2 e6 8.
O-O Bb4 9. a3 Ba5 10. h3 Bh5 11. Nc3 Bxc3 12. bxc3 Bxf3 13. Bxf3 Qc4 14. Bg5 g6
15. d5 f6 16. dxc6 fxg5 17. Qd7+ Kf8 18. cxb7 Re8 19. Qxe8+ 1-0

[Event "Club Championships, A Grade"]
[Site "Wellington Chess Club"]
[Date "2018.11.08"]
[Round "8.1"]
[White "Nyberg, Michael"]
[Black "Winter, Ryan"]
[Result "1-0"]
[WhiteElo "2114"]
[BlackElo "2129"]

1. c4 c6 2. Nf3 d5 3. d4 Nf6 4. Nc3 e6 5. Bg5 Nbd7 6. a4 Bb4 7. Nd2 a5 8. Qc2
O-O 9. e3 Re8 10. Bd3 h6 11. Bh4 e5 12. dxe5 Nxe5 13. cxd5 Bxc3 14. Qxc3 Qxd5
15. Bc4 Nxc4 16. Qxc4 Qf5 17. Qe2 Be6 18. Qf3 Qxf3 19. gxf3 Nd5 20. Rg1 Kf8 21.
Ne4 f6 22. Nc5 b6 23. Nd3 Rad8 24. O-O-O Kf7 25. Bg3 Rd7 26. e4 Ne7 27. Nf4
Rxd1+ 28. Rxd1 Bb3 29. Rd4 c5 30. Rd6 Nc8 31. Rc6 Bxa4 32. Rc7+ Kg8 33. Nd5 Kh8
34. Nf4 Bb3 35. Kd2 Ne7 36. Rxe7 1-0

[Event "Club Championships, A Grade"]
[Site "Wellington Chess Club"]
[Date "2018.11.08"]
[Round "8.1"]
[White "Sellen, Ian"]
[Black "Timergazi, Layla"]
[Result "1/2-1/2"]
[WhiteElo "2041"]
[BlackElo "2157"]

1. c4 c6 2. d4 d5 3. Nc3 Nf6 4. cxd5 cxd5 5. Nf3 Nc6 6. Bf4 a6 7. e3 Bf5 8. Bd3
Bxd3 9. Qxd3 e6 10. h3 Bd6 11. Bxd6 Qxd6 12. O-O O-O 13. a3 Na5 14. Nd2 b5 15.
e4 dxe4 16. Ncxe4 Nxe4 17. Qxe4 Rfd8 18. Nf3 h6 19. a4 b4 20. Rac1 Rac8 21. Qd3
Qb6 22. Rfd1 b3 23. Rc3 Rxc3 24. Qxc3 Rd5 25. Rd3 Rd7 26. Qc8+ Rd8 27. Qc3 Rd7
28. Qc8+ 1/2-1/2

[Event "Club Championships, A Grade"]
[Site "Wellington Chess Club"]
[Date "2018.11.08"]
[Round "8.2"]
[White "Lyall, Gordon"]
[Black "Rossiter, Philip"]
[Result "0-1"]
[WhiteElo "1854"]
[BlackElo "1947"]

1. e4 d5 2. exd5 Nf6 3. d4 Bg4 4. Be2 Bxe2 5. Qxe2 Qxd5 6. Nf3 Nc6 7. c4 Qe4 8.
Be3 e6 9. O-O O-O-O 10. Nc3 Qg4 11. Rfd1 h6 12. d5 exd5 13. cxd5 Nb4 14. Bxa7
Bd6 15. Qb5 Qh5 16. Bc5 Na6 17. Bxd6 Rxd6 18. Rac1 Rhd8 19. Qa5 Nxd5 20. Nb5
R6d7 21. Nfd4 Qg5 22. Nc6 {It appears Black made an illegal move here and
nobody noticed} 0-1

[Event "Club Championships, A Grade"]
[Site "Wellington Chess Club"]
[Date "2018.11.15"]
[Round "9.1"]
[White "Ker, Anthony"]
[Black "Nijman, Brian"]
[Result "1-0"]
[WhiteElo "2485"]
[BlackElo "2162"]

1. e4 c5 2. c3 d5 3. exd5 Nf6 4. Bb5+ Nbd7 5. c4 a6 6. Ba4 b5 7. cxb5 Nxd5 8.
Nf3 e6 9. Nc3 N7b6 10. bxa6+ Nxa4 11. Qxa4+ Bd7 12. Qc4 Bc8 13. Qb5+ Bd7 14.
Qe2 Bc8 15. Qb5+ Bd7 16. Qc4 Bc8 17. Nxd5 exd5 18. Qb5+ Qd7 19. Qxd7+ Kxd7 20.
O-O Bd6 21. d4 c4 22. Bd2 Rxa6 23. Rfe1 Kc7 24. b3 Be6 25. Ng5 Rha8 26. bxc4
Rxa2 27. Rac1 Rxd2 28. cxd5+ Kd7 29. dxe6+ fxe6 30. Rcd1 Rxd1 31. Rxd1 Be7 32.
Nf3 Bf6 33. g4 g6 34. Kg2 Kd6 35. Rb1 Ra7 36. Kg3 g5 37. Nd2 Bxd4 38. Ne4+ Kd5
39. Nxg5 Ra3+ 40. Nf3 e5 41. Kg2 Ra2 42. Rf1 Ke4 43. Kg3 Ra3 44. Re1+ Kd5 45.
Rd1 Ke4 46. Re1+ Kd5 47. Kg2 Ra2 48. Nxd4 exd4 49. Re7 h6 50. h4 Ra6 51. g5
hxg5 52. hxg5 Rd6 53. Kf1 d3 54. Ke1 Kd4 55. f4 Ra6 56. Kf2 Rd6 57. Kf3 Rd8 58.
g6 1-0

[Event "Club Championships, A Grade"]
[Site "Wellington Chess Club"]
[Date "2018.11.15"]
[Round "9.1"]
[White "Nyberg, Michael"]
[Black "Dive, Russell"]
[Result "0-1"]
[WhiteElo "2114"]
[BlackElo "2424"]

1. e4 c6 2. d4 d5 3. e5 Bf5 4. Nf3 e6 5. Be2 h6 6. Nbd2 Ne7 7. c3 Nd7 8. a4 c5
9. O-O Nc6 10. Nb3 Bh7 11. Bf4 Be7 12. Nxc5 Nxc5 13. dxc5 Bxc5 14. b4 Be7 15.
Bb5 O-O 16. Nd4 Qc7 17. Re1 Rfc8 18. Rc1 a5 19. Qg4 Kh8 20. bxa5 Ba3 21. Rcd1
Qxa5 22. Re3 Nxd4 23. cxd4 Bf5 24. Qh5 Bg6 25. Qg4 Rc3 26. h4 Rac8 27. Bd7 Bc2
28. Rxc3 Rxc3 29. Bd2 Bxd1 30. Bxc3 Qxa4 31. Bxa4 Bxg4 32. Be8 Kg8 33. f3 Bf5
34. g4 Bd3 35. Kf2 Kf8 36. Bd7 Ke7 37. Bc8 Ba6 38. Ba5 Bc1 39. Bb6 Bf4 40. Ba5
f6 41. exf6+ gxf6 42. Bb4+ Kf7 43. Bd7 Bc4 44. Ba4 e5 45. Bd6 Ke6 46. Bb8 b5
47. Bc2 b4 48. Bf5+ Kf7 49. Bb1 b3 50. Bc7 b2 51. Bb8 Ke6 52. Bf5+ Ke7 53. Bb1
Kd7 54. Bf5+ Kc6 55. Bb1 Kb5 56. Bd6 Ka4 57. Be7 exd4 58. Bxf6 Be3+ 59. Ke1 Kb3
60. g5 hxg5 61. h5 Kc3 62. h6 Bd3 63. h7 Bxb1 64. h8=Q Bf5 65. Ke2 0-1

[Event "Club Championships, A Grade"]
[Site "Wellington Chess Club"]
[Date "2018.11.15"]
[Round "9.1"]
[White "Sellen, Ian"]
[Black "Winter, Ryan"]
[Result "1/2-1/2"]
[WhiteElo "2041"]
[BlackElo "2129"]

1. c4 Nf6 2. Nc3 e6 3. Nf3 d5 4. d4 c6 5. Bg5 Nbd7 6. e3 Qa5 7. cxd5 Nxd5 8.
Qd2 Bb4 9. Rc1 N7b6 10. a3 Bxc3 11. bxc3 Qxa3 12. e4 Ne7 13. Bd3 Qd6 14. c4 Qd8
15. O-O O-O 16. Rfd1 f6 17. Be3 Qe8 18. c5 Nd7 19. Bc4 Ng6 20. Qa2 Kh8 21. Bxe6
Nde5 22. Nxe5 Bxe6 23. Nxg6+ hxg6 24. d5 Bf7 25. Qc2 g5 26. d6 Bg6 27. Rd4 Qd7
28. f3 Rfe8 29. Qf2 b5 30. cxb6 axb6 31. Rb4 Qxd6 32. Rxb6 Rec8 33. Qc2 Qa3 34.
Bc5 Qa2 35. Qc3 Rd8 36. Rb2 Qe6 37. Bb6 Rdc8 38. Bf2 Rab8 39. Rxb8 Rxb8 40. Bc5
{Draw agreed} 1/2-1/2

[Event "Club Championships, A Grade"]
[Site "Wellington Chess Club"]
[Date "2018.11.15"]
[Round "9.1"]
[White "Timergazi, Layla"]
[Black "Forster, Bill"]
[Result "1-0"]
[WhiteElo "2157"]
[BlackElo "2011"]

1. d4 d5 2. c4 c6 3. Nc3 Nf6 4. Nf3 e6 5. e3 Nbd7 6. Qc2 Bd6 7. b3 O-O 8. Be2
b6 9. O-O Bb7 10. Bb2 Rc8 11. Rac1 Re8 12. Qb1 c5 13. cxd5 exd5 14. Rfd1 Qe7
15. h3 Bb8 16. Ba3 Ne4 17. Nxe4 dxe4 18. Ne1 Qd6 19. g3 Qe6 20. Kg2 cxd4 21.
Rxd4 Ne5 22. Kh2 Qf5 23. Kg1 Qxh3 24. Rxc8 Rxc8 25. Qd1 Nd3 $4 {(Bill: there
should be a 3 question mark annotation)} 26. Bg4 1-0

[Event "Club Championships, A Grade"]
[Site "Wellington Chess Club"]
[Date "2018.11.22"]
[Round "10.1"]
[White "Dive, Russell"]
[Black "Croad, Nicolas"]
[Result "1/2-1/2"]
[WhiteElo "2424"]
[BlackElo "2431"]

1. Nf3 Nf6 2. g3 d5 3. Bg2 e6 4. O-O Be7 5. b3 O-O 6. c4 a5 7. a3 Nbd7 8. Bb2
c6 9. d3 Re8 10. Qc2 Bd6 11. Nc3 e5 12. cxd5 Nxd5 13. Ne4 Bf8 14. Ned2 f6 15.
e4 Nc7 16. d4 exd4 17. Nxd4 Ne5 18. Nc4 Nxc4 19. Qxc4+ Kh8 20. Rad1 Qe7 21. h3
Qc5 22. Qf7 Qe7 23. Qxe7 Bxe7 24. Kh2 Ne6 25. Nf5 Bf8 26. Nd6 Bxd6 27. Rxd6 Nc5
28. b4 axb4 29. axb4 Na6 30. Ra1 Nc7 31. Rxa8 Nxa8 32. f4 Nb6 33. Bf1 Be6 34.
f5 Bc4 35. Bg2 Ba6 36. Bc3 Kg8 37. g4 h6 38. Kg3 Nc4 39. Rd7 Nb6 40. Rd1 Nc4
41. Bf3 Bb5 42. h4 Ne5 43. Bxe5 Rxe5 44. Kf4 c5 45. bxc5 Rxc5 46. Rd8+ Kf7 47.
g5 hxg5+ 48. hxg5 fxg5+ 49. Kxg5 g6 50. Rh8 gxf5 51. exf5 Bd3 52. Bg4 b5 53.
Rh7+ Kf8 54. Rd7 Bc2 55. Rb7 Be4 56. Rb6 Bd5 57. Bh5 Bc6 58. Bg6 Bd7 59. Rb7
Ke7 60. Kh6 b4 61. Kg7 Kd6 62. f6 Be6 63. Rb6+ Ke5 64. Rxb4 Rc7+ 65. f7 Bxf7
66. Bxf7 Kf5 67. Rb5+ Ke4 68. Kf6 Kf4 69. Rb4+ Ke3 70. Bd5 Kd3 71. Ke5 Re7+ 72.
Be6 Ke3 73. Rb3+ Ke2 74. Kd5 Kf2 75. Bf5 Re3 76. Rb4 Re7 77. Be4 Ke3 78. Rb3+
Kf2 79. Kd4 Rd7+ 80. Bd5 Re7 81. Rf3+ Ke2 82. Rf6 Rd7 83. Rf8 Rd6 84. Ke4 Rd7
85. Rg8 Kf2 86. Kd4 Rd6 87. Rg2+ Kf1 88. Ra2 Rd8 89. Ke5 Ke1 90. Be4 Rd2 91.
Ra3 Kf2 92. Kf4 Ke2 93. Rh3 Kf2 94. Rf3+ Ke2 95. Ra3 Kf2 96. Rb3 Ra2 97. Rh3
Rd2 98. Bd3 Ke1 99. Ke3 Re2+ 100. Kf3 Rf2+ 101. Ke4 Rd2 102. Rf3 Rf2 103. Rg3
Kd2 104. Kd4 Rf4+ 105. Be4 Rf2 106. Rb3 Re2 107. Bd3 Rf2 108. Ra3 Rf4+ 109. Be4
Rf2 110. Rd3+ Ke2 111. Re3+ Kd2 112. Bf3 Kc2 113. Rc3+ Kd2 114. Be4 Re2 115.
Bd3 1/2-1/2

[Event "Club Championships, A Grade"]
[Site "Wellington Chess Club"]
[Date "2018.11.22"]
[Round "10.1"]
[White "Ker, Anthony"]
[Black "Nyberg, Michael"]
[Result "1-0"]
[WhiteElo "2485"]
[BlackElo "2114"]

1. e4 e6 2. d4 d5 3. Nd2 h6 4. Bd3 c5 5. c3 Nc6 6. Ngf3 cxd4 7. cxd4 dxe4 8.
Nxe4 Nf6 9. Nc3 Bd6 10. O-O a6 11. Be3 b5 12. Qd2 Nb4 13. Be2 Nbd5 14. Rad1 Bb7
15. Ne5 Rc8 16. Nxd5 Bxd5 17. Bd3 Ne4 18. Qe2 Qe7 19. a4 O-O 20. axb5 axb5 21.
Bxb5 Bxe5 22. dxe5 Rb8 23. Bd3 Qb7 24. f3 Ng5 25. Bc5 Rfd8 26. b4 Ra8 27. h4
Ra2 28. Qe3 Nh7 29. Ra1 Rda8 30. Rxa2 Rxa2 31. Bb1 Ra8 32. Rc1 f5 33. exf6 Nxf6
34. Bd4 Ne8 35. Qd3 Nf6 36. b5 Qe7 37. b6 e5 38. Rc7 Qb4 39. Bf2 e4 40. Qd1
exf3 41. gxf3 Bxf3 42. Qxf3 Qxb1+ 43. Kg2 Ra1 44. Kh2 Ng4+ 45. Kg3 Nf6 46. b7
Qg6+ 47. Kh3 Ne4 48. b8=Q+ Kh7 49. Rxg7+ Kxg7 50. Qff8+ 1-0

[Event "Club Championships, A Grade"]
[Site "Wellington Chess Club"]
[Date "2018.11.22"]
[Round "10.1"]
[White "Winter, Ryan"]
[Black "Laking, Robert"]
[Result "0-1"]
[WhiteElo "2129"]
[BlackElo "2014"]

1. e4 c5 2. Nf3 Nc6 3. g3 d6 4. Bg2 Nf6 5. d3 g6 6. O-O Bg7 7. c3 O-O 8. Re1
Bd7 9. Nbd2 Rc8 10. Nf1 b5 11. a3 a5 12. d4 cxd4 13. cxd4 a4 14. h3 Na5 15. e5
Nd5 16. N1d2 e6 17. Ne4 dxe5 18. dxe5 Nb6 19. Bg5 Qc7 20. Rc1 Qb8 21. Nf6+ Bxf6
22. Bxf6 Nb3 23. Rxc8 Rxc8 24. Qd3 Nd5 25. Bg5 Qc7 26. Re2 Nc1 27. Bxc1 Qxc1+
28. Kh2 Qc4 29. Qd2 Qc1 30. Nd4 Qc4 31. Re1 b4 32. Bf1 Qa2 33. axb4 a3 34. Re2
Qb1 35. Bg2 a2 36. Nb3 a1=Q 37. Nxa1 Qxa1 38. Re4 Qc1 39. Qd4 Rc2 40. Qa7 Qxb2
0-1

[Event "Club Championships, A Grade"]
[Site "Wellington Chess Club"]
[Date "2018.11.29"]
[Round "11.1"]
[White "Croad, Nicolas"]
[Black "Laking, Robert"]
[Result "1-0"]
[WhiteElo "2431"]
[BlackElo "2014"]

1. d4 d5 2. c4 c6 3. Nf3 Nf6 4. e3 e6 5. b3 Nbd7 6. Bd3 Bd6 7. Bb2 O-O 8. O-O
Re8 9. Ne5 Qc7 10. f4 c5 11. cxd5 exd5 12. Nc3 a6 13. Qf3 b5 14. Nxd5 Nxd5 15.
Qxd5 Nf6 16. Qxa8 Bb7 17. Qxe8+ Nxe8 18. a4 Qb6 19. axb5 axb5 20. Rf2 Nf6 21.
Bc3 cxd4 22. Bxd4 Bc5 23. Rc2 Bxd4 24. Ra8+ Bxa8 25. Rc8+ Qd8 26. Rxd8+ 1-0

[Event "Club Championships, A Grade"]
[Site "Wellington Chess Club"]
[Date "2018.11.29"]
[Round "11.1"]
[White "Dive, Russell"]
[Black "Ker, Anthony"]
[Result "1/2-1/2"]
[WhiteElo "2424"]
[BlackElo "2485"]

1. d4 Nf6 2. Nf3 e6 3. g3 b5 4. c3 Bb7 5. Qb3 a6 6. a4 Bd5 7. Qc2 c5 8. Bg2
cxd4 9. O-O Nc6 10. Nxd4 Nxd4 11. cxd4 Rc8 12. Qd3 Bxg2 13. Kxg2 Qb6 14. e4 Qb7
15. f3 Be7 16. axb5 Qxb5 17. Qd1 O-O 18. Nc3 Qb7 19. Qd3 Ra8 20. Rf2 Rfc8 21.
h4 a5 22. g4 Bb4 23. h5 h6 24. Bd2 Qa6 25. Qe3 e5 26. dxe5 Bc5 27. Qf4 Bxf2 28.
exf6 Bh4 29. Qe3 Bxf6 30. Nd5 Qd6 31. Bc3 Bxc3 32. bxc3 Rcb8 33. Ra2 Rb3 34.
Qd4 Rab8 35. c4 a4 36. c5 Qa6 37. Ne7+ Kh7 38. Nf5 Rg8 39. Qxd7 a3 40. Qxf7
Rb2+ 41. Kg3 Rxa2 42. Qxa2 Ra8 43. g5 hxg5 44. h6 Qf6 45. hxg7 Qe5+ 46. Kh3 Qe8
47. Kg4 Qe5 48. Kxg5 Rg8 49. Kg4 Qb2 50. Qe6 Qg2+ 51. Kf4 Qh2+ 52. Kg5 Qg2+ 53.
Kf4 Qd2+ 54. Kg4 a2 55. Kh5 Qh2+ 56. Nh4 Qxh4+ 57. Kxh4 a1=Q 58. Qf5+ Kxg7 59.
Qg5+ Kf7 60. Qd5+ Kg7 {Draw agreed! (Anthony should be winning, the rook can
never be taken because of Qh1+ and Qg1+)}  (60... Kf6 61. Qxg8 $4 Qh1+ {etc} )
1/2-1/2

[Event "Club Championships, A Grade"]
[Site "Wellington Chess Club"]
[Date "2018.11.29"]
[Round "11.1"]
[White "Nijman, Brian"]
[Black "Sellen, Ian"]
[Result "1/2-1/2"]
[WhiteElo "2162"]
[BlackElo "2041"]

1. Nc3 d5 2. e4 e6 3. Qf3 d4 4. Nd1 c5 5. a3 Nc6 6. Qg3 Nge7 7. f4 Ng6 8. d3
Be7 9. Qf2 b6 10. g3 Bb7 11. h4 f5 12. h5 Nf8 13. Bg2 Qc7 14. e5 Rg8 15. Nf3 g5
16. Qe2 gxf4 17. Bxf4 O-O-O 18. Kf2 Nd7 19. Re1 Rdf8 20. Kg1 Qd8 21. Nf2 Qe8
22. Nd2 Bg5 23. Nc4 Kb8 24. Nd6 Qe7 25. Nxb7 Kxb7 26. Qf3 Nb8 27. Nh3 h6 28.
Kh2 Kc8 29. Re2 Qc7 30. Rae1 Ne7 31. c4 Nbc6 32. Rb1 Kd7 33. b4 Rb8 34. Qf1 Nd8
35. Qc1 Nf7 36. bxc5 Bxf4 37. gxf4 bxc5 38. Reb2 Rb6 39. Rxb6 axb6 40. Qb2 Rb8
41. Qf2 Qa7 42. Rb3 Kc7 43. Ng1 Qa4 44. Qb2 Nc6 45. Nf3 Na5 46. Rb5 Qd1 47. Qd2
Qa1 48. Rxa5 bxa5 49. Qxa5+ Kc8 50. Qa6+ Kd8 51. Qxe6 Rb7 52. Ng5 Nxg5 53. Qg8+
Ke7 54. Bxb7 Qb2+ 55. Bg2 Qf2 56. Qg7+ Ke8 57. Qg6+ Ke7 58. Qf6+ Ke8 59. Qc6+
Kf7 60. e6+ Nxe6 61. Qf3 Qh4+ 62. Kg1 Qxf4 63. Qxf4 Nxf4 64. a4 Nxd3 65. a5 Nb4
66. Bb7 Kf6 67. a6 Nxa6 68. Bxa6 Kg5 69. Bc8 f4 70. Kf2 Kxh5 71. Kf3 Kg5 72.
Bh3 h5 73. Bf1 Kf5 74. Be2 h4 75. Bf1 Ke5 76. Bd3 h3 77. Bf1 h2 78. Kg2 h1=Q+
79. Kxh1 f3 80. Kg1 Ke4 81. Kf2 d3 82. Ke1 Ke3 83. Kd1 d2 84. Bd3 Kxd3 1/2-1/2

[Event "Club Championships, A Grade"]
[Site "Wellington Chess Club"]
[Date "2018.11.29"]
[Round "11.1"]
[White "Nyberg, Michael"]
[Black "Timergazi, Layla"]
[Result "0-1"]
[WhiteElo "2114"]
[BlackElo "2157"]

1. e4 c6 2. d4 d5 3. e5 c5 4. c3 Nc6 5. Nf3 Bg4 6. Be2 e6 7. Nbd2 Nh6 8. h3
Bxf3 9. Nxf3 Nf5 10. O-O cxd4 11. cxd4 Qb6 12. Be3 Nxe3 13. fxe3 Be7 14. b3 O-O
15. Bd3 Rac8 16. Kh1 Nb4 17. Bb1 Qc6 18. a3 Nc2 19. Qd3 Qc3 20. Bxc2 Qxc2 21.
Qb5 Qc6 22. Qe2 Qb6 23. Nd2 Rc3 24. b4 Bg5 25. Rf3 Rfc8 26. Raf1 R8c7 27. Nb1
Rc2 28. Qd3 Qc6 29. h4 Bd8 30. Qd1 Qc4 31. Kg1 Bxh4 32. Kh2 Qe2 33. Rg1 Qxd1
34. Rxd1 Rb2 35. Kh3 Bg5 36. Rdf1 f6 37. exf6 gxf6 38. Rg3 Kg7 39. Rd1 Rcc2 40.
Re1 Re2 41. Rc1 Rbc2 42. Nc3 Rxc1 43. Nxe2 Rh1+ 0-1

[Event "Club Championships, A Grade"]
[Site "Wellington Chess Club"]
[Date "2018.12.06"]
[Round "12.1"]
[White "Dive, Russell"]
[Black "Timergazi, Layla"]
[Result "1-0"]
[WhiteElo "2424"]
[BlackElo "2157"]

1. c4 Nf6 2. g3 e6 3. Bg2 d5 4. Nf3 Be7 5. O-O O-O 6. d4 b6 7. cxd5 exd5 8. Nc3
Bb7 9. Bf4 Nbd7 10. Rc1 c5 11. Ne5 cxd4 12. Nb5 Bc5 13. Nxd4 Nxe5 14. Bxe5 Re8
15. Bf4 Ba6 16. Re1 Qd7 17. Nb3 Bb4 18. Bd2 Bxd2 19. Qxd2 Qa4 20. Rc7 Bc4 21.
Nd4 Qxa2 22. Nf5 Ne4 23. Bxe4 Rxe4 24. Qc3 Rg4 25. h3 Rg5 26. e4 Rxf5 27. exf5
Rf8 28. f6 gxf6 29. Qxf6 Qa5 30. Re8 1-0

[Event "Club Championships, A Grade"]
[Site "Wellington Chess Club"]
[Date "2018.12.06"]
[Round "12.1"]
[White "Ker, Anthony"]
[Black "Sellen, Ian"]
[Result "1/2-1/2"]
[WhiteElo "2485"]
[BlackElo "2041"]

1. e4 c5 2. c3 d5 3. exd5 Qxd5 4. d4 Nc6 5. Nf3 Bf5 6. Be2 cxd4 7. cxd4 Bxb1 8.
Rxb1 e6 9. a3 Nf6 10. O-O Rd8 11. Be3 Be7 12. Rc1 O-O 13. Qa4 Qa5 14. Qb3 Qb6
15. Qc2 Nd5 16. Bd3 g6 17. h4 Rc8 18. Qe2 Bf6 19. Rc4 Nce7 20. h5 Rxc4 21. Bxc4
Nf5 22. hxg6 Ndxe3 23. gxh7+ Kh8 24. fxe3 Ng3 25. Qf2 Nxf1 26. Bxf1 Qd6 27. Nd2
Bg7 28. Ne4 Qe7 29. Qf3 f5 30. Nc3 f4 31. Bd3 fxe3 32. Qxe3 Qh4 33. Ne2 $4 Qe1+
34. Kh2 Rf6 $4 (34... Rf1 {wins immediately, as pointed out by Anthony after
the game} ) 35. Kh3 Rh6+ 36. Kg4 Qh4+ 37. Kf3 Rf6+ 38. Nf4 Bh6 39. g3 Bxf4 40.
gxh4 Bxe3+ 41. Kxe3 Rh6 42. Kf4 Rxh4+ 43. Ke5 Kg7 44. Be4 b6 45. a4 a5 46. b3
Kf7 47. Kd6 Kg7 48. Ke5 Kf7 49. Kd6 Kg7 50. Ke5 1/2-1/2

[Event "Club Championships, A Grade"]
[Site "Wellington Chess Club"]
[Date "2018.12.06"]
[Round "12.1"]
[White "Laking, Robert"]
[Black "Nyberg, Michael"]
[Result "1-0"]
[WhiteElo "2014"]
[BlackElo "2114"]

1. d4 Nf6 2. c4 e6 3. Nf3 b6 4. e3 Bb7 5. Bd3 Bb4+ 6. Nbd2 O-O 7. O-O Re8 8. e4
d5 9. cxd5 exd5 10. e5 Ne4 11. a3 Bf8 12. Re1 f5 13. exf6 Qxf6 14. Nxe4 dxe4
15. Qb3+ Kh8 16. Ne5 h6 17. Rxe4 Bxe4 18. Bxe4 Rxe5 19. dxe5 Qxe5 20. Qf3 Bd6
21. Bf4 Qxb2 22. Rb1 Qa2 23. Bxd6 cxd6 24. Qf8+ Qg8 25. Qxg8+ 1-0

[Event "Club Championships, B Grade"]
[Site "Wellington Chess Club"]
[Date "2018.09.20"]
[Round "1.2.2"]
[White "Day, Fabian"]
[Black "Rossiter, Philip"]
[Result "1/2-1/2"]
[WhiteElo "1899"]
[BlackElo "1947"]

1. e4 b6 2. d4 Bb7 3. Bd3 e6 4. f4 c5 5. c3 Nf6 6. Qe2 Be7 7. Nf3 Nc6 8. Nbd2
Rc8 9. O-O O-O 10. e5 Ne8 11. f5 cxd4 12. cxd4 Nb4 13. fxe6 dxe6 14. Ne4 Nxd3
15. Qxd3 Qd5 16. Nc3 Qc4 17. Qxc4 Rxc4 18. Nb5 a6 19. Nc3 Nc7 20. Bg5 Bxg5 21.
Nxg5 Nd5 22. Nce4 Rc7 23. Nd6 h6 24. Nxb7 hxg5 25. Nd6 Rd8 26. Rac1 Rcd7 27.
Rc6 Nf4 28. Rd1 Nd5 29. Kf2 g6 30. Rdc1 Kg7 31. a3 a5 32. g3 Rh8 33. Rh1 Rhd8
34. Rhc1 Rh8 35. Kg1 Rb8 36. Rc8 Rxc8 37. Rxc8 Ne7 38. Rb8 Nc6 39. Rxb6 Nxd4
40. Kf2 Nf5 41. b4 axb4 42. axb4 Nd4 43. b5 Nb3 44. Rb8 Nc5 45. Kf3 Ra7 46. Kg4
Ra4+ 47. Kxg5 Ne4+ 48. Nxe4 Rxe4 49. b6 Rxe5+ 50. Kf4 Rb5 51. b7 e5+ 52. Ke3 f5
53. Re8 1/2-1/2